Emission and scattering techniques : studies of inorganic molecules, solids, and surfaces : proceedings of the NATO Advanced Study Institute held at Alghero, Sardinia, Italy, September 14-25, 1980 /

Bibliographic Details
Corporate Authors: NATO Advanced Study Institute Alghero, Italy, North Atlantic Treaty Organization. Scientific Affairs Division
Other Authors: Day, P. (Peter), 1938-
Format: Conference Proceeding Book
Language:English
Published: Dordrecht, Holland ; Boston : D. Reidel ; [1981]
Series:NATO advanced study institutes series. Mathematical and physical sciences ; v. 73.
Subjects:

MARC

Tag First Indicator Second Indicator Subfields
LEADER 00000cam a22000008a 4500
001 in00000070657
005 20210403063126.0
008 810618s1981 ne a b 10110 eng
010 |a  81010681  
020 |a 9027713170 
035 |a (OCoLC)07573703 
035 |9 AAJ8969AM 
039 0 |a 2  |b 3  |c 3  |d 3  |e 3 
040 |a DLC  |c DLC  |d TXA  |d UtOrBLW 
049 |a TXAM  |c [1672078] 
050 0 0 |a QD96.E46  |b N37 1980 
082 0 |a 543/.0858  |2 19 
111 2 |a NATO Advanced Study Institute  |d (1980 :  |c Alghero, Italy) 
245 1 0 |a Emission and scattering techniques :  |b studies of inorganic molecules, solids, and surfaces : proceedings of the NATO Advanced Study Institute held at Alghero, Sardinia, Italy, September 14-25, 1980 /  |c edited by Peter Day. 
263 |a 8107 
264 1 |a Dordrecht, Holland ;  |a Boston :  |b D. Reidel ;  |c [1981] 
264 2 |a Hingham, MA :  |b Sold and distributed in the U.S.A. and Canada by Kluwer Boston, 
264 4 |c ©1981 
300 |a viii, 390 pages :  |b illustrations ;  |c 24 cm. 
336 |a text  |b txt  |2 rdacontent 
337 |a unmediated  |b n  |2 rdamedia 
338 |a volume  |b nc  |2 rdacarrier 
490 1 |a NATO advanced study institutes series. Series C, Mathematical and physical sciences ;  |v v. 73 
500 |a "Published in cooperation with NATO Scientific Affairs Division." 
504 |a Includes bibliographies and index. 
650 0 |a Emission spectroscopy  |x Congresses. 
650 0 |a Scattering (Physics)  |v Congresses. 
700 1 |a Day, P.  |q (Peter),  |d 1938- 
710 2 |a North Atlantic Treaty Organization.  |b Scientific Affairs Division. 
830 0 |a NATO advanced study institutes series.  |n Series C,  |p Mathematical and physical sciences ;  |v v. 73. 
999 |a MARS 
999 f f |s 74ebbb3b-4694-3ed2-9392-df3065b83758  |i eacec88e-cc18-3420-81b7-ae1f7301cca8  |t 0 
952 f f |p ric  |a Texas A&M University  |b Rellis Campus  |c Joint Library Facility  |d Remote Storage  |t 0  |e QD96.E46 N37 1980  |h Library of Congress classification  |i unmediated -- volume  |m A14806211012 
998 f f |a QD96.E46 N37 1980  |t 0  |l Remote Storage